Statistiques concernant Pays les plus peuplés en 1950

Cliquez ici pour prendre le quiz!

Statistiques générales

  • Ce quiz a été pris 14 093 fois
  • Le résultat moyen est 16 sur 20

Statistiques - réponses

PopulationPays% Correct
563 mChine
99%
133 mEmpire Français
99%
152 mEtats-Unis
98%
370 mInde
97%
189 mUnion Soviétique
96%
52 mAllemagne de l'Ouest
94%
53 mBrésil
93%
28 mEspagne
91%
84 mJapon
89%
48 mItalie
86%
29 mMexique
85%
140 mEmpire Britannique
83%
83 mIndonésie
72%
21 mTurquie
66%
25 mPologne
62%
86 mPakistan
61%
21 mEgypte
60%
21 mCorée du Sud
50%
25 mEmpire Belge
40%
21 mPhilippines
40%

Distribution des résultats

Percentile par nombre de réponses

% des personnes avec chaque résultat

Votre développement - résultats

Vous n’avez pas pris ce quiz